Entry Nombre personal
001 - NÚMERO DE CONTROL
- campo de control: 57314
003 - IDENTIFICADOR DE NÚMERO DE CONTROL
- campo de control: SpMaBN
005 - FECHA Y HORA DE LA ÚLTIMA TRANSACCIÓN
- campo de control: 20250810084412.0
008 - ELEMENTOS DE DATO DE LONGITUD-FIJA
- campo de control de longitud fija: 900725n| aijnnaabn a aac
016 ## - NÚMERO DE CONTROL DE UNA AGENCIA BIBLIOGRÁFICA NACIONAL
- Número de control del registro: BNE19982564322
040 ## - FUENTE DE CATALOGACIÓN
- Centro catalogador/agencia de origen: SpMaBN
- Lengua de catalogación: spa
- Centro/agencia transcriptor: SpMaBN
- Normas de descripción: rdc
- Convención/Normas de encabezamiento de materia/tesauro: embne
046 ## - FECHAS CON CODIFICACIÓN ESPECIAL
- Fecha de nacimiento: 1848
- Fecha de la muerte: 1899
100 1# - ENCABEZAMIENTO-NOMBRE DE PERSONA
- Nombre de persona: Giry, Arthur,
- Fechas asociadas al nombre: 1848-1899
375 ## - GÉNERO/SEXO
- Género: Masculino
400 1# - TRAZADO DE VÉASE--NOMBRE DE PERSONA
- Nombre de persona: Giry, A.,
- Fechas asociadas al nombre: 1848-1899
670 ## - FUENTE DE DATOS ENCONTRADOS
- Cita de la fuente: Histoire de la ville de Saint-Omer et de ses institutions jusqu'au XIVe siècle, 1877
- Información encontrada: port. (A. Giry)
670 ## - FUENTE DE DATOS ENCONTRADOS
- Cita de la fuente: WWW BN-OPALE Plus, 25-9-2006
- Información encontrada: (Giry, Arthur (1848-1899); n. 28-2-1848, m. 13-11-1899; historien, spécialiste du Moyen âge; archiviste paléographe (1870); titulaire de la chaire de diplomatique à l'École des chartes (1884); membre de l'Institut, Académie des Inscriptions et belles-lettres (élule 4 décembre 1896))
